LIBRARY & INFORMATION CENTRE, KCAET, TAVANUR

ONLINE PUBLIC ACCESS CATALOGUE (OPAC)

Highway engineering / (Record no. 10736)

MARC details
000 -LEADER
fixed length control field 00382cam a2200157ua 4500
003 - CONTROL NUMBER IDENTIFIER
control field OSt
008 - FIXED-LENGTH DATA ELEMENTS--GENERAL INFORMATION
fixed length control field 250802b |||||||| |||| 00| 0 eng d
041 ## - LANGUAGE CODE
Language code of text/sound track or separate title eng
082 ## - DEWEY DECIMAL CLASSIFICATION NUMBER
Classification number 625.7
Item number BAB/HI
100 ## - MAIN ENTRY--AUTHOR NAME
Personal name Babkov, V .
245 ## - TITLE STATEMENT
Title Highway engineering /
260 ## - PUBLICATION, DISTRIBUTION, ETC. (IMPRINT)
Place of publication Moscow :
Name of publisher Mir publishers ,
Year of publication 1967.
300 ## - PHYSICAL DESCRIPTION
Number of Pages 535 ; .
700 1# - ADDED ENTRY--PERSONAL NAME
Personal name Zamathayev, M .
942 ## - ADDED ENTRY ELEMENTS (KOHA)
Koha item type Books
Holdings
Withdrawn status Lost status Damaged status Home library Current library Date acquired Full call number Accession Number Koha item type
      KAUAET KAUAET 07/04/2012 625.7 BAB/HI 12050 Books
free website counter